000 00560nam a2200229Ia 4500
003 OSt
005 20220918201311.0
006 a|||||r|||| 00| 0
007 ta
008 220917b |||||||| |||| 00| 0 eng d
024 _a93,002
037 _cTextual
040 _aARTS
_cARTS
_beng
041 _2eng
_aeng
082 _aV1N19:22wM78, H9
100 _aPhelan E J
_998038
245 0 _aYes and Albert Thomas
260 _c1949
650 _aHISTORY
942 _hV1N19:22wM78, H9
_cTEXL
_2CC
999 _c216650
_d216650